00138 a2200061 4500100001600000245003600016260002400052 aSidhwa, J B atextbook of Inorganic chemistry abIqbal Publisherc